| 000 | 00616nam a2200181 a 4500 | ||
|---|---|---|---|
| 008 | 120416s1989 ||||||||||||||||| || u | ||
| 020 | _a0521368480 | ||
| 050 | _aQC 879 Ree | ||
| 100 | _aRees, M. H | ||
| 245 | 1 | 0 | _aPhysics and chemistry of the upper atmosphere |
| 260 |
_aCambridge _bCUP _c1989 |
||
| 300 | _aix, 289p. : ill. | ||
| 350 | _a0.00 | ||
| 650 | _aATMOSPHERIC PHYSICS | ||
| 650 | _aTEXTBOOKS | ||
| 650 | 0 | _aCHEMISTRY--HANDBOOKS, MANUALS, ETC | |
| 995 |
_D0.00 _FCBU-MAIN LIBRARY (Kitwe) _H1 _I0.00 _M1 _UAVAILABLE _ZMain Library Open Access Collection |
||
| 999 |
_c53600 _d53600 |
||